| 000 | 00377nam a2200121Ia 4500 | ||
|---|---|---|---|
| 008 | 160523s9999 xx 000 0 und d | ||
| 100 | _aPesse, Samy. | ||
| 245 | _aHow to Make a Computer Operating System in C++ | ||
| 245 | _c Samy Pesse. | ||
| 260 | _c2014 | ||
| 650 | _xInformation Technology. | ||
| 856 | _uhttps://github.com/SamyPesse/How-to-Make-a-Computer-Operating-System | ||
| 999 |
_c294705 _d294705 |
||